Przywróć alfabet nazwom państw - Statystyki

Ogólne statystyki
  • Ten quiz został rozwiązany 6 741 razy
  • Średni wynik to 20 z 24
Statystyki odpowiedzi
Hint Odpowiedź % Poprawnych
Uraina K
88%
Nowa Zelndia A
87%
Kazacstan H
87%
Bangadesz L
87%
Idie N
87%
Filiiny P
87%
Braylia Z
87%
Sszele E
86%
Afganstan I
86%
Botwana S
86%
Arabia Saudjska Y
86%
Alania B
85%
Suan D
85%
Oan M
85%
Emen J
83%
Siera Leone R
82%
Too G
80%
Antiga i Barbuda U
78%
Zad C
77%
Malai W
76%
Anuatu V
75%
Sama O
72%
Saint Kits i Nevis T
71%
Inlandia F
53%
Nie znaleziono quizów pasujących do podanych kryteriów
Rozkład punktacji
Procent ludzi z każdym wynikiem
Percentyl według liczby udzielonych odpowiedzi
Twoja historia wyników
Nie rozwiązałeś tego quizu